000 00683nam a22002055i 4500
001 178322
003 ES-MaACL
005 20250827100530.0
008 110525s1969 sp |||| | spa d
080 _a1(091)
245 0 0 _aSistemas filosóficos de los pueblos chino, persa, egipcio y hebreo.
260 _aMadrid :
_bDelblan,
_cD. L. 1969.
300 _a16 p. ;
_c16 cm.
490 1 _aMosaico cultural. 7. Sistemas filosóficos ;
_v2
500 _aEncuadernado con otros títulos.
650 4 _aFilosofía-
_vHistoria.
_9158248
830 0 0 _aMosaico cultural.
_pSistemas filosóficos
_v2
_9190894
852 _aES-MaACL
_jE-15194 (2)
_xOlim P-1923
999 _c178322
_d178322